Lírica latina medieval (Registro nro. 1558)

Detalles MARC
000 -CABECERA
Longitud fija campo de control 00961nam a22002775b 4500
001 - NÚMERO DE CONTROL
Número de control bimo0000460710
003 - IDENTIFICADOR DELl NÚMERO DE CONTROL
Identificador del número de control OSt
005 - FECHA Y HORA DE LA ÚLTIMA TRANSACCIÓN
Fecha y hora de la última transacción 20140825213002.0
008 - CÓDIGOS DE INFORMACIÓN DE LONGITUD FIJA
Códigos de información de longitud fija 951201m19951997sp | ||| ||spa
020 ## - NÚMERO INTERNACIONAL NORMALIZADO PARA LIBROS
Número Internacional Normalizado para Libros (ISBN) 84-7914-172-7
035 ## - NÚMERO DE CONTROL DEL SISTEMA
Número de control del sistema (OCoLC)431299085
040 ## - FUENTE DE LA CATALOGACIÓN
Centro catalogador de origen SpMaBN
Centro transcriptor BMC
082 ## - NÚMERO DE LA CLASIFICACIÓN DECIMAL DEWEY
Númeroo de clasificación 873.3/.4
245 00 - MENCIÓN DE TÍTULO
Título Lírica latina medieval
Mención de responsabilidad, etc. introducción, edición, traducción y notas por Manuel A. Marcos Casquero y José Oroz Reta
250 ## - MENCIÓN DE EDICIÓN
Mención de edición Ed. bilingüe
260 0# - PUBLICACIÓN, DISTRIBUCIÓN, ETC. (PIE DE IMPRENTA)
Lugar de publicación, distribución, etc. Madrid
Nombre del editor, distribuidor, etc. Biblioteca de Autores Cristianos
Fecha de publicación, distribución, etc. 1995-1997
300 ## - DESCRIPCIÓN FÍSICA
Extensión 2 v.
Dimensiones 20 cm
490 1# - MENCIÓN DE SERIE
Mención de serie Biblioteca de Autores Cristianos
Designación de volumen o secuencia 548, 580
500 ## - NOTA GENERAL
Nota general Ed. bilingüe: latín y español
504 ## - NOTA DE BIBLIOGRAFÍA, ETC
Nota de bibliografía, etc. Bibliografía p. [XIII]-XX
505 1# - NOTA DE CONTENIDO CON FORMATO
Nota de contenido con formato Contiene: Vol I. Poesía profana - Vol II. Poesía religiosa
650 24 - PUNTO DE ACCESO ADICIONAL DE MATERIA - TÉRMINO DE MATERIA
9 (RLIN) 2522
Término de materia o nombre geográfico como elemento inicial Poesías latinas medievales y modernas
700 ## - PUNTO DE ACCESO ADICIONAL - NOMBRE DE PERSONA
Nombre de persona Oroz Reta, José
9 (RLIN) 2524
700 ## - PUNTO DE ACCESO ADICIONAL - NOMBRE DE PERSONA
9 (RLIN) 2523
Nombre de persona Marcos Casquero, Manuel Antonio
942 ## - ENTRADA DE ELEMENTOS AGREGADOS (KOHA)
Fuente de clasificaión o esquema Dewey Decimal Classification
Koha [por defecto] tipo de item 1- Monografias
Existencias
Suprimido Perdido Fuente de clasificación o esquema Estropeado Restricciones de uso No para préstamo Código de colección Localización permanente Localización actual Localización en estanter&íacute;as Fecha adquisición Fuente de adquisición Número de inventario Préstamos totales Renovaciones totales Signatura completa Código de barras Fecha última consulta Fecha último préstamo Coste, precio reemplazado Fecha del precio de reemplazo Tipo de item de Koha
NULL NULL Dewey Decimal Classification NULL Prestable NULL NULL Biblioteca Miguel de Cervantes - UNICAES Biblioteca Miguel de Cervantes - UNICAES Sala Principal 22/04/2008 Donación - Conferencia Episcopal Española 001850 8 3 873 LIR (t. 1) 1001850 04/03/2019 18/02/2019 30.04 17/07/2013 1- Monografias
NULL NULL Dewey Decimal Classification NULL Prestable NULL NULL Biblioteca Miguel de Cervantes - UNICAES Biblioteca Miguel de Cervantes - UNICAES Sala Principal 22/04/2008 Donación - Conferencia Episcopal Española 001851 4 2 873 LIR (t. 2) 1001851 01/02/2017 30/01/2017 30.04 17/07/2013 1- Monografias